000 00324nam a2200145Ia 4500
100 _aNicholas /John .M
250 _a2
942 _cBK
654 _aproject
245 _aProject Management for Business and Technology
260 _bPHI
_aNew Delhi
_c2002
082 _a658.404
_bNIC
300 _a603
546 _aENGLISH
999 _c25524
_d25524